Statistics for U.S. States with the Largest Belgian Populations

Click here to take the quiz!

General Stats

  • This quiz has been taken 45 times
  • The average score is 9 of 10

Answer Stats

RankBelgian PopulationAnswer% Correct
712,034New York
96%
426,820California
93%
614,751Florida
91%
253,135Michigan
89%
109,651Ohio
89%
910,595Texas
87%
334,208Illinois
84%
157,808Wisconsin
78%
811,918Indiana
76%
515,627Minnesota
76%

Score Distribution

Percentile by Number Answered

Percent of People with Each Score

Your Score History

You have not taken this quiz